ბათუმის შოთა რუსთაველის სახელმწიფო უნივერსიტეტის ბიბლიოთეკა

ტუბერკულოზის სენსიტიურ და რეზისტენტურ ფორმებთან სისხლის ჯგუფური ანტიგენების (ABO Rb-hr MN, Kell) ასოცირების და დაავადებულთა ჰუმორული იმუნური სტატუსის შესწავლა საქართველოში მცხოვრებ პოპულაციებში: დისერტაცია / (ბიბ.ჩანაწერი № 51686)

000 -ლიდერი
ფიქსირებული სიგრძის საკონტროლო ველი 02144nam a2200241Ia 4500
001 - საკონტროლო ნომერი
საკონტროლო ველი 18677
003 - საკონტროლო ნომრის იდენტიფიკატორი
საკონტროლო ველი GE_BSU
005 - ბოლო ოპერაციის თარიღი და დრო
საკონტროლო ველი 20220919164840.0
008 - ფიქსირებული სიგრძის მონაცემთა ელემენტები - ზოგადი ინფორმაცია
ფიქსირებული სიგრძის საკონტროლო ველი 181216s2013||||ge |||||||||||||| ||geo||
040 ## - კატალოგიზაციის წყარო
Transcribing agency GE_BSU
041 ## - ენის კოდი
Language code of text/sound track or separate title geo
080 ## - უნივერსალური ათობითი კლასიფიკაციის ინდექსი
Universal Decimal Classification number 57 ც-96
100 ## - მთავარი ჩანაწერი - პიროვნების სახელი
Personal name ცქვიტინიძე, სოფიკო
9 (RLIN) 11589
245 ## - ცნობა სათაურის შესახებ
Title ტუბერკულოზის სენსიტიურ და რეზისტენტურ ფორმებთან სისხლის ჯგუფური ანტიგენების (ABO Rb-hr MN, Kell) ასოცირების და დაავადებულთა ჰუმორული იმუნური სტატუსის შესწავლა საქართველოში მცხოვრებ პოპულაციებში:
დისერტაცია /
Statement of responsibility, etc სოფიკო ცქვიტინიძე; სამეცნიერო ხელმძღვანელი რ. ხუხუნაიშვილი, კ. ვაჭარაძე; ბათუმის შოთა რუსთაველის სახ-ფო უნ-ტი.
264 ## - წარმოების, გამოცემის, დისტრიბუციის და სხვა ცნობები
გამოცემის, წარმოების, დისტრიბუციის... ადგილი ბათუმი,
გამოცემის, წარმოების, დისტრიბუციის... თარიღი 2013.
300 ## - ფიზიკური აღწერა
Extent 165 გვ.;
Other physical details 30 სმ.
653 ## - INDEX TERM--UNCONTROLLED
Uncontrolled term ბიოლოგია
653 ## - INDEX TERM--UNCONTROLLED
Uncontrolled term დისერტაცია
653 ## - INDEX TERM--UNCONTROLLED
Uncontrolled term ტუბერკულოზის სენსიტიურ და რეზისტენტურ ფორმებთან სისხლის ჯგუფური ანტიგენების (ABO Rb-hr MN, Kell) ასოცირების და დაავადებულთა ჰუმორული იმუნური სტატუსის შესწავლა საქართველოში მცხოვრებ პოპულაციებში
700 ## - ADDED ENTRY--PERSONAL NAME
Personal name ხუხუნაიშვილი, რ.
Relator term სამეცნიერო ხელმძღვანელი
9 (RLIN) 11590
700 ## - ADDED ENTRY--PERSONAL NAME
Personal name ვაჭარაძე, კ.
Relator term სამეცნიერო ხელმძღვანელი
9 (RLIN) 11591
942 ## - ADDED ENTRY ELEMENTS (KOHA)
Koha item type წიგნი
Source of classification or shelving scheme
ეგზემპლარები
ჩამოწერის სტატუსი დაკარგული ეგზემპლარის სტატუსი კლასიფიკაციის წყარო ან თაროზე გაწყობის სქემა დაზიანების სტატუსი არ გაიცემა მუდმივი მდებარეობა (დაცვის ადგილი) ამჟამინდელი ადგილსამყოფელი შეძენის თარიღი სრული შენახვის შიფრი შტრიხკოდი ბოლო ოპერაციის თარიღი ეგზემპლარის მიმდევრობითი ნომერი (კეტერი?) ფასის ძალაში შესვლის თარიღი ეგზემპლარის სახეობა
        შიდა ფონდი ბათუმის შოთა რუსთაველის სახელმწიფო უნივერსიტეტის მთავარი ბიბლიოთეკა ბათუმის შოთა რუსთაველის სახელმწიფო უნივერსიტეტის მთავარი ბიბლიოთეკა 2018-12-17 57 ც-96 141 დისერტ. 2018-12-17 141 2018-12-17 დისერტაცია